| 000 | 00338nam a2200121Ia 4500 | ||
|---|---|---|---|
| 008 | 220204s9999 xx 000 0 und d | ||
| 082 |
_a338.43:631.117(540) _bALI |
||
| 245 | 0 | _aDynamics of agricultural development in India. | |
| 260 |
_aDelhi _bConcept _c1979 |
||
| 650 | _aAgricultural development | ||
| 700 | _aALI MOHAMMAD | ||
| 942 | _cBK | ||
| 999 |
_c36604 _d36604 |
||